Accin̤ Extraordinaria de Proteccin̤ presentada por el seǫr N.N

Detalles Bibliográficos
Autor principal: Reyes Toala, Kleber Jos̈
Formato: eBook
Lenguaje:español
Publicado: Quito: Editorial Acadm̌ica Espaǫla, 2019
Materias:
Acceso en línea:Acceso restringido

MARC

LEADER 00000nam a22000007a 4500
005 20191009213639.0
007 cr|||| ||||
008 191009s2019 ec |||||s|||| 00||0 spa d
020 |a 9786139439393 
035 |a 29630 
040 |a vLex 
090 |c 9754  |d 9754 
100 1 |a Reyes Toala, Kleber Jos̈ 
245 1 0 |a Accin̤ Extraordinaria de Proteccin̤ presentada por el seǫr N.N  |h [Recurso electrn̤ico] /  |c Kleber Jos ̈Reyes Toala 
256 |a Servicio en ln̕ea 
260 |a Quito:  |b Editorial Acadm̌ica Espaǫla,  |c 2019 
300 |a 1 recurso electrn̤ico 
500 |a Prem̀bulo: El contenido nos relaciona a la vulneracin̤ y violacin̤ de los Derechos que estǹ consagrados en la Constitucin̤ de la Repb︢lica del Ecuador en los Arts. 32, 35,50, 75 y 76 numeral 7 literal l, Pacto Internacional de Derecho Art. 6 , 7 y 8, en la Declaracin̤ Universal de los Derechos Humanos Art 25 Nʻ 1 y el Pacto de San Jose Art 8 y 25. La Corte Constitucional del Ecuador reconoce la violacin̤ y vulneracin̤ a los Derecho Humanos, a los tratados Internacionales del cual Ecuador es suscriptor. Una vez reconocido la violacin̤ a los derechos humano se reivindica sus derechos del Sr N.N. El mencionado a travš de sentencia pide que el Instituto Ecuatoriano de Seguridad Social, el Consejo de la Judicatura y la Defensora̕ Pb︢licas ofrezcan disculpas pb︢licas. Esto es un ejemplo para todas las legislaciones de todos los pas̕es. 
506 1 |a Disponible solo en los productos indicados  |d vLex Global  |d vLex Global (Academic Edition, excluding Law Schools)  |d vLex Global (U.S. Academic Edition, Law Schools)  |d vLex Global (U.S. Academic Edition, excluding Law Schools)  |d vLex Global (Academic Edition, Law Schools) 
650 0 4 |a Derecho Laboral y Seguridad Social  |z Ecuador 
740 0 |a vLex Libros (Servicio en ln̕ea) 
856 4 0 |u http://vlex.com/source/29630  |z Acceso restringido 
942 |c BOOK 
999 0 |a Labor law and social security